Cấu trúc động từ tiếng Pháp kèm theo giới từ

Spremljeno u:
Bibliografski detalji
Format: Knjiga
Oznake: Dodaj oznaku
Bez oznaka, Budi prvi tko označuje ovaj zapis!
Thư viện lưu trữ: Mạng thư viện Đại học Đà Nẵng
LEADER 00447nam a22001691a 4500
001 000036414
003 12709
005 20160408151545.0
008 160408s0 000
082 |a 4P(07) 35 
245 |a Cấu trúc động từ tiếng Pháp kèm theo giới từ  |c Phạm Tuấn 
OWN |a LNN 
999 |a From the UDN01 
TYP |a Monograph 
980 |a Mạng thư viện Đại học Đà Nẵng